| 000 | 00490nam a2200169Ia 4500 | ||
|---|---|---|---|
| 008 | 240729s9999 xx 000 0 und d | ||
| 022 | _a2667-1425 | ||
| 245 | 0 | _aPharmacological Research - Modern Chinese Medicine | |
| 260 | _aNetherlands | ||
| 260 | _bElsevier | ||
| 650 | _a Other systems of medicine | Medicine | ||
| 650 | _a Therapeutics. Pharmacology | ||
| 650 | _aMedicine | ||
| 856 | _uhttps://doaj.org/toc/216afbb6854a433293848c900135daaa | ||
| 942 | _2ddc | ||
| 942 | _cDOAJEJ | ||
| 999 |
_c68968 _d68968 |
||
| 945 |
_a1 _bMadushi Gamage _c1 _dMadushi Gamage |
||